Clase media y socialismo
Salvato in:
| Autore principale: | |
|---|---|
| Natura: | Libro |
| Lingua: | spagnolo |
| Pubblicazione: |
Valparaíso
Victoria
1940
|
| Soggetti: | |
| Tags: |
Aggiungi Tag
Nessun Tag, puoi essere il primo ad aggiungerne!!
|
MARC
| LEADER | 00000nam a2200000 a 4500 | ||
|---|---|---|---|
| 001 | UCP8907 | ||
| 003 | CL-VaPUC | ||
| 008 | 000317e19400000CL |||||||||||||||||spa|d | ||
| 082 | 0 | 4 | |a 305.55 |b PIN |2 21 |
| 100 | |a Pinto S., Francisco A. |e autor |9 439173 | ||
| 245 | 1 | 0 | |a Clase media y socialismo |
| 300 | |a 203 p | ||
| 942 | |c BK | ||
| 945 | |d 20000317 00:00:00 |a crobeson | ||
| 260 | |a Valparaíso |b Victoria |c 1940 | ||
| 600 | 0 | |a Balmaceda Fernández, José Manuel, |d 1840-1891 |9 315369 | |
| 650 | 7 | |a CLASE MEDIA |2 CL-VaPUC |9 255144 | |
| 650 | 0 | |a Clases sociales |9 256858 | |
| 650 | 0 | |a Socialismo |9 255260 | |
| 650 | 7 | |a FRENTE POPULAR |2 CL-VaPUC |9 437698 | |
| 650 | 0 | |a Problemas sociales |9 258537 | |
| 650 | 0 | |a Alcoholismo |9 259651 | |
| 650 | 0 | |a Cohecho |9 387717 | |
| 650 | 0 | |a Administración de justicia |9 382749 | |
| 650 | 0 | |a Poder legislativo |9 258808 | |
| 583 | |a last modification |c 20000317 00:00:00 |k Rodrigo Vera | ||
| 999 | |c 285768 |d 285766 | ||
| 952 | |0 0 |1 0 |4 0 |6 305_550000000000000_PIN_1940 |7 0 |8 X |9 330545 |a BIBHIS |b BIBHIS |d 2019-11-20 |i 1391534 |o 305.55 PIN 1940 |p 1391534 |r 2024-01-30 |w 2019-11-20 |y BK_X |k HIS | ||